Occupancy costs of university teaching blocks (Record no. 102729)

MARC details
000 -LEADER
fixed length control field 01016cam a2200217 4500
008 - FIXED-LENGTH DATA ELEMENTS--GENERAL INFORMATION
fixed length control field 000000n2003 000 0 eng u
020 ## - INTERNATIONAL STANDARD BOOK NUMBER
International Standard Book Number 1900858894
035 ## - SYSTEM CONTROL NUMBER
System control number (Sirsi) u121766
110 ## - MAIN ENTRY--CORPORATE NAME
Corporate name or jurisdiction name as entry element Building Maintenance Information
9 (RLIN) 3229
245 ## - TITLE STATEMENT
Title Occupancy costs of university teaching blocks
260 ## - PUBLICATION, DISTRIBUTION, ETC.
Place of publication, distribution, etc. London
Name of publisher, distributor, etc. BMI
Date of publication, distribution, etc. 2003
300 ## - PHYSICAL DESCRIPTION
Extent 84p.
Other physical details ill.
Dimensions 30cm.
490 ## - SERIES STATEMENT
Series statement BMI Special Report
Volume/sequential designation 317
520 ## - SUMMARY, ETC.
Summary, etc. Provides current occupancy benchmarks for two university teaching blocks. Shows the projected annual occupancy costs for two schemes which will provide a strategic benchmark for similar buildings. This item is part of a subscription service and cannot be photocopied. Neither can any part of it be read over the phone. Please contact BMI direct on +44 (0)20 7695 1500 for details.
650 ## - SUBJECT ADDED ENTRY--TOPICAL TERM
Topical term or geographic name entry element BENCHMARKING
650 ## - SUBJECT ADDED ENTRY--TOPICAL TERM
Topical term or geographic name entry element OCCUPANCY COSTS
650 ## - SUBJECT ADDED ENTRY--TOPICAL TERM
Topical term or geographic name entry element OCCUPANCY COST PLANS
650 ## - SUBJECT ADDED ENTRY--TOPICAL TERM
Topical term or geographic name entry element UNIVERSITY TEACHING BLOCKS
690 ## - LOCAL SUBJECT ADDED ENTRY--TOPICAL TERM (OCLC, RLIN)
Topical term or geographic name as entry element BUILDING AND CONSTRUCTION-REPAIRS AND MAINTENANCE
942 ## - ADDED ENTRY ELEMENTS (KOHA)
Suppress in OPAC 0
Holdings
Withdrawn status Lost status Source of classification or shelving scheme Damaged status Not for loan Home library Current library Shelving location Date acquired Total Checkouts Full call number Barcode Date last seen Copy number Price effective from Koha item type
    Dewey Decimal Classification     London London BCIS/BMI publications 30/04/2003   ENQUIRY DESK 30068565 06/08/2019 1 06/08/2019 Reference material